000 01181 a2200289 4500
003 Nust
005 20170207154019.0
010 _a 2002035488
020 _a0-13-101400-5 (pbk.)
035 _a(DLC) 2002035488
035 _a(Mo)b1528414
040 _cNust
082 0 0 _a620.5
082 0 0 _aa620/.5
100 1 _aRatner, Mark A.,
245 1 0 _aNanotechnology-(E-BOOK)
_ba gentle introduction to the next big idea /
_cMark Ratner, Daniel Ratner
260 _aUpper Saddle River, NJ :
_bPrentice Hall,
_ccop. 2003
300 _a188 s. :
_bill.
505 _a Chapter 1. Introducing Nano, Chapter 2. Size Matters, Chapter 3. Interlude One—The Fundamental Science Behind Nanotechnology, Chapter 4. Interlude Two: Tools of the Nanosciences, Chapter 5. Points and Places of Interest: The Grand Tour, Chapter 6. Smart Materials, Chapter 7. Sensors, Chapter 8. Biomedical Applications, Chapter 9. Optics and Electronics, Chapter 10. Nanobusiness, Chapter 11. Nanotechnology and You,
650 7 _aNanotechnology
650 7 _aNanotechnology
650 7 _aNanoteknik
650 7 _aNanoteknik
651 _aE-BOOK
655 4 _aBok
700 1 _aRatner, Daniel
_4aut
942 _2ddc
_cBK
999 _c191572
_d191572